000
00384cam a22001694a 4500
005
20250605163536.0
008
250528s ||||||||||||||||||||||||d
035
_a
21414
040
_a
GR-AtMCL
_b
gre
_d
GR-AtMCL
_e
AACR2
245
1
_a
GW-BASIC V3.2
250
_a
1
260
_b
Microsoft Corporation,
_c
1986
300
_a
274
942
_c
BK
999
_c
6476
_d
6476